[Event "3rd Sat Djenovici Feb IM"]
[Site "Djenovici MNE"]
[Date "2018.02.22"]
[Round "6.2"]
[White "Pecurica, Milos"]
[Black "Mikavica, Mirko"]
[Result "1-0"]
[WhiteTitle "FM"]
[WhiteElo "2334"]
[BlackElo "2154"]
[WhiteFideId "944963"]
[BlackFideId "908657"]
[EventDate "2018.02.17"]

1. d4 d5 2. c4 e6 3. Nf3 Nf6 4. Nc3 Be7 5. Bf4 c6 6. e3 O-O 7. Qc2 Nbd7 8. Rd1
Nh5 9. Bd3 Nxf4 10. exf4 h6 11. O-O dxc4 12. Bxc4 Nb6 13. Bb3 Nd5 14. g3 Bd7 15.
a3 b5 16. Ne4 a5 17. Ne5 Rc8 18. Ba2 f5 19. Nc5 Bxc5 20. Qxc5 Be8 21. Rfe1 g5
22. Qc1 a4 23. Qd2 Kg7 24. Rc1 g4 25. Rc5 Qd6 26. Bxd5 exd5 27. Rec1 Rf6 28.
Rxb5 h5 29. Rb7+ Rc7 30. Rb8 Rf8 31. Qb4 Qxb4 32. Rxb4 h4 33. Rc5 hxg3 34. fxg3
Rh8 35. Rxa4 Kf6 36. Ra8 Rch7 37. Rc2 Ke6 38. b4 Bd7 39. Ra7 Rc8 40. b5 c5 41.
dxc5 1-0

[Event "3rd Sat Djenovici Feb IM"]
[Site "Djenovici MNE"]
[Date "2018.02.22"]
[Round "6.3"]
[White "Kumar, Nikhil"]
[Black "Lundin, Jan"]
[Result "1-0"]
[WhiteTitle "FM"]
[BlackTitle "FM"]
[WhiteElo "2258"]
[BlackElo "2270"]
[WhiteFideId "30909040"]
[BlackFideId "1706896"]
[EventDate "2018.02.17"]

1. d4 d5 2. Nf3 Nf6 3. c4 dxc4 4. e3 e6 5. Bxc4 c5 6. O-O a6 7. Qe2 Nc6 8. Rd1
Qc7 9. Nc3 Bd6 10. dxc5 Bxc5 11. a3 O-O 12. b4 Be7 13. Bb2 Rd8 14. e4 Bd7 15. e5
Ng4 16. Re1 Rac8 17. Bd3 f5 18. exf6 Nd4 19. Bxh7+ Kh8 20. fxg7+ Kxg7 21. Nd5
Kxh7 22. Qe4+ 1-0

[Event "3rd Sat Djenovici Feb IM"]
[Site "Djenovici MNE"]
[Date "2018.02.22"]
[Round "6.4"]
[White "Radovic, Stefan"]
[Black "Farkas, Tibor"]
[Result "1/2-1/2"]
[BlackTitle "IM"]
[WhiteElo "2084"]
[BlackElo "2317"]
[WhiteFideId "1706802"]
[BlackFideId "933333"]
[EventDate "2018.02.17"]

1. Nf3 Nf6 2. c4 c5 3. Nc3 g6 4. g3 b6 5. Bg2 Bb7 6. O-O Bg7 7. d4 cxd4 8. Qxd4
d6 9. Rd1 Nbd7 10. b3 O-O 11. Bb2 Ne4 12. Qe3 Nxc3 13. Bxc3 Bxc3 14. Qxc3 Rc8
15. Qe3 Nf6 1/2-1/2

[Event "3rd Sat Djenovici Feb IM"]
[Site "Djenovici MNE"]
[Date "2018.02.22"]
[Round "6.5"]
[White "Popadic, Dragan"]
[Black "Radlovacki, Jovan"]
[Result "1/2-1/2"]
[WhiteTitle "FM"]
[BlackTitle "IM"]
[WhiteElo "2171"]
[BlackElo "2307"]
[WhiteFideId "913650"]
[BlackFideId "907430"]
[EventDate "2018.02.17"]

1. e4 c6 2. d4 d5 3. Nd2 dxe4 4. Nxe4 Nf6 5. Nxf6+ exf6 6. c3 Bd6 7. Bd3 O-O 8.
Qc2 Re8+ 9. Ne2 h6 10. O-O Qc7 11. Ng3 Nd7 12. Bd2 Nf8 13. Rfe1 1/2-1/2

[Event "3rd Sat Djenovici Feb IM"]
[Site "Djenovici MNE"]
[Date "2018.02.23"]
[Round "7.1"]
[White "Radlovacki, Jovan"]
[Black "Kecskemeti, Arpad"]
[Result "1/2-1/2"]
[WhiteTitle "IM"]
[BlackTitle "FM"]
[WhiteElo "2307"]
[BlackElo "2284"]
[WhiteFideId "907430"]
[BlackFideId "925322"]
[EventDate "2018.02.17"]

1. e4 c5 2. Nf3 d6 3. c3 g6 4. d4 Nd7 5. dxc5 Nxc5 6. Qd4 Nf6 7. e5 Ne6 8. Qa4+
Bd7 9. Qh4 dxe5 10. Nxe5 Bg7 11. Nxd7 Qxd7 12. Na3 O-O 13. Bb5 Qc7 14. O-O a6
15. Be2 Nc5 16. Rd1 Rfd8 17. Bf4 e5 18. Bg5 Nce4 19. Be3 Rac8 20. Bf3 Nd6 21.
Bg5 Nf5 22. Qa4 h6 23. Bxf6 Bxf6 24. Bg4 Rxd1+ 25. Rxd1 Rd8 26. Bxf5 gxf5 27. g3
Kg7 28. Qc2 e4 29. Qe2 Rxd1+ 30. Qxd1 Qa5 31. Qd7 Bxc3 32. Qxb7 Bd4 33. Nc2
Bxf2+ 34. Kxf2 Qd2+ 35. Kf1 Qxc2 36. Qxa6 e3 37. Qe2 Qe4 38. Kg1 Qb1+ 39. Kg2
Qxa2 40. Kf3 Qb3 41. Kf4 Qb6 42. Qc2 Qd4+ 43. Kf3 Kg6 1/2-1/2

[Event "3rd Sat Djenovici Feb IM"]
[Site "Djenovici MNE"]
[Date "2018.02.23"]
[Round "7.2"]
[White "Farkas, Tibor"]
[Black "Popadic, Dragan"]
[Result "1/2-1/2"]
[WhiteTitle "IM"]
[BlackTitle "FM"]
[WhiteElo "2317"]
[BlackElo "2171"]
[WhiteFideId "933333"]
[BlackFideId "913650"]
[EventDate "2018.02.17"]

1. e4 c5 2. Nf3 Nc6 3. d4 cxd4 4. Nxd4 Nf6 5. Nc3 e5 6. Ndb5 d6 7. Nd5 Nxd5 8.
exd5 Nb8 9. Qf3 a6 10. Qa3 Be7 11. Bg5 f6 12. Be3 O-O 1/2-1/2

[Event "3rd Sat Djenovici Feb IM"]
[Site "Djenovici MNE"]
[Date "2018.02.23"]
[Round "7.3"]
[White "Lundin, Jan"]
[Black "Radovic, Stefan"]
[Result "1-0"]
[WhiteTitle "FM"]
[WhiteElo "2270"]
[BlackElo "2084"]
[WhiteFideId "1706896"]
[BlackFideId "1706802"]
[EventDate "2018.02.17"]

1. f4 c5 2. Nf3 g6 3. g3 Bg7 4. Bg2 Nc6 5. O-O e6 6. d3 Nge7 7. c3 O-O 8. Na3 b6
9. Rb1 Bb7 10. Nc2 d6 11. Qe1 Qd7 12. e4 a5 13. Qe2 a4 14. Bd2 Ba6 15. Ne3 b5
16. Rfd1 b4 17. Nc4 Rab8 18. e5 d5 19. Nd6 Nc8 20. Nxc8 Rfxc8 21. Be3 Bf8 22. c4
b3 23. a3 Be7 24. Rbc1 d4 25. Bf2 f5 26. exf6 Bxf6 27. Bh3 Re8 28. Re1 Kf7 29.
Nd2 Nd8 30. Ne4 Be7 31. g4 Bb7 32. Bg3 Rc8 33. Rf1 Kg8 34. Rce1 Rf8 35. f5 Bxe4
36. Qxe4 gxf5 37. gxf5 Bf6 38. fxe6 Qe7 39. Qg4+ Kh8 40. Rf3 Nc6 41. Qe4 Qg7 42.
e7 Nxe7 43. Bxc8 Nxc8 44. Ref1 Nd6 45. Rxf6 Rxf6 46. Qa8+ 1-0

[Event "3rd Sat Djenovici Feb IM"]
[Site "Djenovici MNE"]
[Date "2018.02.23"]
[Round "7.4"]
[White "Mikavica, Mirko"]
[Black "Kumar, Nikhil"]
[Result "0-1"]
[BlackTitle "FM"]
[WhiteElo "2154"]
[BlackElo "2258"]
[WhiteFideId "908657"]
[BlackFideId "30909040"]
[EventDate "2018.02.17"]

1. d4 Nf6 2. c4 e6 3. Nf3 d5 4. Nc3 Be7 5. e3 O-O 6. Be2 b6 7. O-O Bb7 8. cxd5
Nxd5 9. Bd3 c5 10. Nxd5 Bxd5 11. e4 Bb7 12. dxc5 Bxc5 13. Qe2 Nd7 14. Bd2 Qe7
15. Bc3 Bb4 16. Rac1 Rac8 17. Ba6 Bxa6 18. Qxa6 Bxc3 19. Rxc3 Rxc3 20. bxc3 Nc5
21. Qa3 Qb7 22. e5 Rd8 23. Nd4 Nd3 24. Nf3 Nf4 25. Qa4 Ne2+ 26. Kh1 Nxc3 27. Qh4
Rc8 28. a3 h6 29. h3 Qa6 30. Ra1 Nd5 31. a4 Qa5 32. Qd4 Qc5 33. a5 bxa5 34. g3
Nb4 35. Qd7 Rc7 36. Qd8+ Kh7 37. Kg2 Qb6 38. Qd4 Rc2 39. Ra3 Qxd4 40. Nxd4 Ra2
41. Rf3 Kg8 42. Rc3 a4 43. Rc8+ Kh7 44. Rc7 Rd2 45. Nb5 a6 46. Nd6 a3 47. Rxf7
a2 48. Ne8 Kg8 0-1

[Event "3rd Sat Djenovici Feb IM"]
[Site "Djenovici MNE"]
[Date "2018.02.23"]
[Round "7.5"]
[White "Sredojevic, Ivan"]
[Black "Pecurica, Milos"]
[Result "1-0"]
[WhiteTitle "IM"]
[BlackTitle "FM"]
[WhiteElo "2351"]
[BlackElo "2334"]
[WhiteFideId "929310"]
[BlackFideId "944963"]
[EventDate "2018.02.17"]

1. e4 c5 2. Nf3 d6 3. d4 cxd4 4. Nxd4 Nf6 5. Nc3 Nc6 6. Bg5 e6 7. Qd2 Be7 8.
O-O-O Nxd4 9. Qxd4 O-O 10. f4 Qa5 11. e5 dxe5 12. Qxe5 Qxe5 13. fxe5 Nd5 14.
Bxe7 Nxe7 15. Bd3 b6 16. Rhe1 a6 17. Be4 Rb8 18. Rd6 b5 19. b4 Ng6 20. Bxg6 hxg6
21. Ne4 Bb7 22. Nc5 Bxg2 23. Nd7 Rbd8 24. Nxf8 Rxd6 25. exd6 Kxf8 26. Re3 Bd5
27. Rc3 Ke8 28. Rc8+ Kd7 29. Rc7+ Kxd6 30. Rxf7 Ke5 31. a3 g5 32. Rxg7 Kf4 33.
Kd2 e5 34. Rg6 1-0

[Event "3rd Sat Djenovici Feb IM"]
[Site "Djenovici MNE"]
[Date "2018.02.24"]
[Round "8.2"]
[White "Kumar, Nikhil"]
[Black "Sredojevic, Ivan"]
[Result "1/2-1/2"]
[WhiteTitle "FM"]
[BlackTitle "IM"]
[WhiteElo "2258"]
[BlackElo "2351"]
[WhiteFideId "30909040"]
[BlackFideId "929310"]
[EventDate "2018.02.17"]

1. d4 Nf6 2. c4 e6 3. Nc3 d5 4. cxd5 Nxd5 5. e4 Nxc3 6. bxc3 c5 7. Nf3 cxd4 8.
cxd4 Bb4+ 9. Bd2 Bxd2+ 10. Qxd2 O-O 11. Bc4 Nd7 12. O-O b6 13. a4 Bb7 14. Rfe1
Rc8 15. Bd3 Qe7 16. a5 Qd6 17. axb6 axb6 18. Ra7 Qb8 19. Ra3 Qd6 20. Ra7 Qb8 21.
Ra3 Qd6 22. Rb3 Rfd8 23. Qe3 Qc7 24. h3 h6 25. Reb1 Ra8 26. Rc1 Qb8 27. Bb5 Nf6
28. Bd3 Nd7 29. Bb5 Nf6 30. d5 exd5 31. e5 d4 32. Nxd4 Nd5 33. Qg3 Ne7 34. Ne2
Ra5 35. f4 Rd2 36. Qe3 Raa2 37. Qxb6 Qa8 38. Bc4 Bd5 39. Qb8+ Kh7 40. Qxa8 Rxa8
41. Rd3 Rxe2 42. Rxd5 Nxd5 43. Bd3+ g6 44. Bxe2 Nxf4 45. Bc4 Rc8 46. Rc2 Rc5 47.
Bb3 Rxc2 48. Bxc2 Kg7 49. Kf2 Kf8 1/2-1/2

[Event "3rd Sat Djenovici Feb IM"]
[Site "Djenovici MNE"]
[Date "2018.02.24"]
[Round "8.3"]
[White "Radovic, Stefan"]
[Black "Mikavica, Mirko"]
[Result "1-0"]
[WhiteElo "2084"]
[BlackElo "2154"]
[WhiteFideId "1706802"]
[BlackFideId "908657"]
[EventDate "2018.02.17"]

1. Nf3 Nf6 2. c4 e6 3. Nc3 d5 4. d4 Nbd7 5. Bg5 Be7 6. e3 O-O 7. cxd5 exd5 8.
Bd3 b6 9. O-O Bb7 10. Rc1 Re8 11. Qe2 a6 12. Rfd1 h6 13. Bh4 Ne4 14. Bxe7 Qxe7
15. a3 Nd6 16. Na4 Rec8 17. b4 a5 18. b5 Ne4 19. Qb2 Nd6 20. Rd2 Nc4 21. Bxc4
dxc4 22. Rxc4 Bxf3 23. gxf3 Qg5+ 24. Kf1 Qh5 25. Ke2 Qxh2 26. Rdc2 h5 27. Qc3
Ra7 28. Rc6 h4 29. Nxb6 Nxb6 30. Rxb6 h3 31. Rc6 Qg2 32. Rc1 Re8 33. Qe1 Raa8
34. R6c3 Rab8 35. a4 c6 36. Qg1 cxb5 37. axb5 Rxb5 38. Qxg2 hxg2 39. f4 a4 40.
Kf3 Ra5 41. Ra3 Rea8 42. Kxg2 Kf8 43. Rc4 Ke8 44. e4 Kd7 45. f5 Kd6 46. Kf3 f6
47. Ke3 R5a6 48. d5 R8a7 49. Kd4 Ra5 50. f4 R7a6 51. e5+ Kd7 52. Rb4 Ra7 53. Ke4
R5a6 54. Rd4 Ra5 55. d6 Ra8 56. e6+ Kc8 57. Rc4+ Kd8 58. Rh3 1-0

[Event "3rd Sat Djenovici Feb IM"]
[Site "Djenovici MNE"]
[Date "2018.02.24"]
[Round "8.4"]
[White "Popadic, Dragan"]
[Black "Lundin, Jan"]
[Result "1-0"]
[WhiteTitle "FM"]
[BlackTitle "FM"]
[WhiteElo "2171"]
[BlackElo "2270"]
[WhiteFideId "913650"]
[BlackFideId "1706896"]
[EventDate "2018.02.17"]

1. e4 c6 2. d4 d5 3. Nd2 dxe4 4. Nxe4 Bf5 5. Ng3 Bg6 6. h4 h6 7. Nf3 Nd7 8. h5
Bh7 9. Bd3 Bxd3 10. Qxd3 e6 11. Bd2 Ngf6 12. O-O-O Be7 13. Ne4 Nxe4 14. Qxe4 Nf6
15. Qe2 Qd5 16. Kb1 O-O 17. Ne5 Qxd4 18. Ng6 fxg6 19. Qxe6+ Kh8 20. Qxe7 Rae8
21. Qa3 Nxh5 22. Bb4 Qxf2 23. Bc5 Qf5 24. g4 1-0

[Event "3rd Sat Djenovici Feb IM"]
[Site "Djenovici MNE"]
[Date "2018.02.24"]
[Round "8.5"]
[White "Radlovacki, Jovan"]
[Black "Farkas, Tibor"]
[Result "1/2-1/2"]
[WhiteTitle "IM"]
[BlackTitle "IM"]
[WhiteElo "2307"]
[BlackElo "2317"]
[WhiteFideId "907430"]
[BlackFideId "933333"]
[EventDate "2018.02.17"]

1. e4 e6 2. d4 d5 3. Nd2 dxe4 4. Nxe4 Nd7 5. Nf3 Ngf6 6. Nxf6+ Nxf6 7. Bd3 c5 8.
O-O cxd4 9. Nxd4 a6 10. Re1 Be7 11. c3 O-O 12. Qe2 Qa5 13. h3 Re8 14. Bf4 Bd7
15. Nb3 Qh5 16. Qxh5 Nxh5 17. Bh2 1/2-1/2

[Event "3rd Sat Djenovici Feb IM"]
[Site "Djenovici MNE"]
[Date "2018.02.25"]
[Round "9.1"]
[White "Farkas, Tibor"]
[Black "Kecskemeti, Arpad"]
[Result "1/2-1/2"]
[WhiteTitle "IM"]
[BlackTitle "FM"]
[WhiteElo "2317"]
[BlackElo "2284"]
[WhiteFideId "933333"]
[BlackFideId "925322"]
[EventDate "2018.02.17"]

1. e4 d5 2. Nc3 d4 3. Nce2 c5 4. d3 Nc6 5. g3 f5 6. exf5 Qd5 7. f3 Bxf5 8. Bg2
e5 9. h3 Be7 10. Rh2 O-O-O 11. f4 e4 12. g4 Bh4+ 13. Kf1 Bg6 14. f5 Bxf5 15.
gxf5 Qxf5+ 16. Nf4 Bg3 1/2-1/2

[Event "3rd Sat Djenovici Feb IM"]
[Site "Djenovici MNE"]
[Date "2018.02.25"]
[Round "9.2"]
[White "Lundin, Jan"]
[Black "Radlovacki, Jovan"]
[Result "1/2-1/2"]
[WhiteTitle "FM"]
[BlackTitle "IM"]
[WhiteElo "2270"]
[BlackElo "2307"]
[WhiteFideId "1706896"]
[BlackFideId "907430"]
[EventDate "2018.02.17"]

1. e4 c6 2. d4 d5 3. exd5 cxd5 4. c4 Nf6 5. Nc3 Nc6 6. Bf4 e6 7. Nf3 Bb4 8. Bd3
dxc4 9. Bxc4 a6 10. O-O O-O 11. Rc1 b5 12. Bd3 Bb7 13. Bb1 Ne7 14. Qd3 Ng6 15.
Bg5 Bd6 16. Rfe1 Bf4 17. Bxf4 Nxf4 18. Qe3 Qd6 19. Ne4 Bxe4 20. Bxe4 Nxe4 21.
Qxe4 Rac8 22. Rc5 Nd5 23. Rec1 Rcd8 24. Kf1 h6 25. a3 Qb8 26. Ne5 Nf6 27. Qf3
Qd6 28. Kg1 Nd7 29. Nxd7 1/2-1/2

[Event "3rd Sat Djenovici Feb IM"]
[Site "Djenovici MNE"]
[Date "2018.02.25"]
[Round "9.4"]
[White "Sredojevic, Ivan"]
[Black "Radovic, Stefan"]
[Result "1-0"]
[WhiteTitle "IM"]
[WhiteElo "2351"]
[BlackElo "2084"]
[WhiteFideId "929310"]
[BlackFideId "1706802"]
[EventDate "2018.02.17"]

1. e4 c5 2. Nf3 g6 3. d4 cxd4 4. Nxd4 Nc6 5. c4 Nf6 6. Nc3 d6 7. Be2 Nxd4 8.
Qxd4 Bg7 9. Be3 O-O 10. Qd2 a5 11. O-O a4 12. Rab1 Qa5 13. b4 axb3 14. axb3 Qb4
15. Rfc1 Be6 16. f3 Rfc8 17. Qe1 Ra3 18. Nb5 Qxe1+ 19. Rxe1 Ra2 20. Bf1 Nd7 21.
Nd4 Nc5 22. b4 Na6 23. Nxe6 fxe6 24. c5 Kf7 25. cxd6 exd6 26. Red1 Bf8 27. b5
Nc5 28. Rbc1 b6 29. Bf4 Rd8 30. Ra1 Rxa1 31. Rxa1 Rd7 32. Ra8 d5 33. exd5 exd5
34. g3 Bd6 35. Bg5 Ne6 36. Bd2 Rc7 37. Bd3 Nd4 38. Kg2 Nb3 39. Bh6 Nc1 40. Bb1
Ne2 41. Rh8 Ke6 42. Be3 Bc5 43. Bxc5 bxc5 44. b6 Re7 45. Bd3 Kd6 46. Ba6 Kc6 47.
Rb8 c4 48. b7 Kb6 49. Rd8 Rxb7 50. Bxb7 c3 51. Bxd5 Kc7 52. Ra8 c2 53. Ra1 c1=Q
54. Rxc1+ Nxc1 55. Bc4 Kd6 56. Kh3 Ke5 57. Kg4 Kd4 58. Bg8 h6 59. Bh7 g5 60. Kh5
Ke3 61. Be4 Ne2 62. g4 Nf4+ 63. Kxh6 Nh3 64. Bc6 Kf4 65. Kh5 Ke5 66. Bb5 Kf4 67.
Bf1 Nf2 68. Bg2 Nd3 69. h4 gxh4 70. Kxh4 Ne5 71. g5 Nd7 72. Bh3 Nf8 73. Bg4 Ke5
74. Kh5 Nh7 75. Kh6 1-0

[Event "3rd Sat Djenovici Feb IM"]
[Site "Djenovici MNE"]
[Date "2018.02.25"]
[Round "9.5"]
[White "Pecurica, Milos"]
[Black "Kumar, Nikhil"]
[Result "1-0"]
[WhiteTitle "FM"]
[BlackTitle "FM"]
[WhiteElo "2334"]
[BlackElo "2258"]
[WhiteFideId "944963"]
[BlackFideId "30909040"]
[EventDate "2018.02.17"]

1. e4 c6 2. d4 d5 3. exd5 cxd5 4. c4 Nf6 5. Nc3 e6 6. Nf3 Be7 7. cxd5 Nxd5 8.
Bd3 Nc6 9. O-O O-O 10. Re1 Nf6 11. a3 b6 12. Bc2 Ba6 13. Bg5 Rc8 14. Qd2 Na5 15.
Qf4 Re8 16. d5 Rc4 17. Qg3 Nxd5 18. Nxd5 Bxg5 19. Nxg5 Rxc2 20. Nb4 Rc5 21. Ne4
Bb7 22. Nxc5 bxc5 23. Rad1 Qb6 24. Rd6 Qb5 25. Qd3 c4 26. Qe3 h6 27. Qe5 Qa4 28.
Re3 c3 29. Rg3 g6 30. Rxc3 Bd5 31. Qe2 Nb3 32. h3 Nd4 33. Qd2 Nb5 34. Ra6 Nxc3
35. Rxa4 Nxa4 36. Nxd5 exd5 37. Qxd5 Nb6 38. Qb7 Nc8 39. b4 Kg7 40. Kh2 Kg8 41.
a4 Kg7 42. b5 Kg8 43. a5 Kg7 44. Qd7 Kf8 45. h4 h5 46. g3 Ne7 47. Qxa7 Nf5 48.
a6 Kg8 49. b6 Nd4 50. Qd7 Nf3+ 51. Kg2 Ne1+ 52. Kf1 1-0